An A–Z of legal and regulatory compliance for APC (Record no. 121453)

MARC details
000 -LEADER
fixed length control field 01075nas a22002417a 4500
008 - FIXED-LENGTH DATA ELEMENTS--GENERAL INFORMATION
fixed length control field 230405e20230323xxk||||o |||| 00| 0 eng d
041 ## - LANGUAGE CODE
Language code of text/sound track or separate title eng
100 ## - MAIN ENTRY--PERSONAL NAME
Personal author Lemen, Jen
110 ## - MAIN ENTRY--CORPORATE NAME
9 (RLIN) 4900
Corporate author Royal Institution of Chartered Surveyors
245 ## - TITLE STATEMENT
Title An A–Z of legal and regulatory compliance for APC
Statement of responsibility, etc [electronic resource]
260 ## - PUBLICATION INFORMATION
Publisher Royal Institution of Chartered Surveyors,
Date 23 March 2023
490 ## - SERIES TITLE
Series statement RICS Built Environment Journal,
Volume 23 March 2023
520 ## - ABSTRACT
Abstract Given the volume of statute and rules that apply in the UK, the Legal/regulatory compliance competency may seem daunting but this article can help.
650 ## - KEYWORDS
Keywords APC
650 ## - KEYWORDS
Keywords Fire Safety Act 2021
650 ## - KEYWORDS
Keywords Occupiers' Liability Act 1957
650 ## - KEYWORDS
Keywords Occupiers' Liability Act 1984
650 ## - KEYWORDS
Keywords Street v Mountford
651 ## - SUBJECT ADDED ENTRY--GEOGRAPHIC NAME
Geographic name International
690 ## - LOCAL SUBJECT ADDED ENTRY--TOPICAL TERM (OCLC, RLIN)
9 (RLIN) 6225
Topical term or geographic name as entry element Building surveying
700 ## - ADDED PERSONAL NAME
Added personal author Lemen, Jen
856 ## - ONLINE RESOURCE
Uniform Resource Identifier https://ww3.rics.org/uk/en/journals/built-environment-journal/apc-legal-regulatory-compliance-core-building-surveying-competency.html
Public note Available from RICS journals
Holdings
Withdrawn status Lost status Damaged status Not for loan Home library Current library Shelving location Date acquired Total Checkouts Date last seen Price effective from Koha item type
        Virtual Virtual Online 05/04/2023   05/04/2023 05/04/2023 Journal article